Jugadores por foto #2 - Estadísticas

Estadísticas generales
  • Esta prueba ha sido intentada 55 veces
  • La puntuación promedio es 15 de 16
Estadísticas de respuestas
Imagen Respuesta % Correcto
Maradona
100%
Messi
100%
Cristiano ronaldo
98%
Pele
98%
Mbappe
96%
Neymar
96%
Luis suarez
93%
Ronaldinho
93%
Luka Modric
91%
Ronaldo Nazario
91%
Zinedine Zidane
91%
David beckham
89%
Toni Kroos
89%
Johan Cruyff
87%
Romario
74%
Rivaldo
70%
No se encontraron pruebas coincidentes
Distribución de puntuación
Porcentaje de gente con cada puntuación
Porcentaje por número respondido
Historial de tus puntuaciones
No has intentado esta prueba.